| 000 | 00754cab a2200241 4500 | ||
|---|---|---|---|
| 001 | ABS49343 | ||
| 008 | 090401t xxu||||| |||| 00| 0 eng d | ||
| 035 | _a(Sirsi) u70973 | ||
| 041 | _aeng | ||
| 100 | _aMacneil, J. | ||
| 245 | _aTuning into FM | ||
| 350 | _a0 | ||
| 490 |
_aBuilding _v758(7812) 48-49(2) |
||
| 520 | _aDescribes how a CAD system "CAFM" is helping to co-ordinate facilities management responsibilities at the University of Wales Hospital. | ||
| 650 | _aCAD | ||
| 650 | _aCAFM | ||
| 650 | _aCOMPUTER-AIDED FACILITIES MANAGEMENT | ||
| 650 |
_aFACILITIES MANAGEMENT _96240 |
||
| 690 | _aMANAGEMENT-BUSINESS MANAGEMENT-INFORMATION MANAGEMENT | ||
| 690 | _aOFFICE SERVICES AND ADMINISTRATION | ||
| 942 | _n0 | ||
| 948 | _c04/03/1997 | ||
| 999 |
_c44717 _d44717 |
||